000 00663nam a22002417a 4500
003 UA-OsUOA
001 42154
007 ta
008 20061027b un ||||| |||| 00| 0 ukr d
100 _aЗборовська Н.
090 _a821.161.2
_bЗ-41
942 _cBK
040 _aUA-OsUOA
_bukr
_cUA-OsUOA
_dUA-OsUOA
245 _aУкраїнська рекокніста
_bАнти-роман
300 _a304 с.
955 _a3
041 _aukr
080 _a821.161.2
020 _a966-8017-72-2
260 _aТернопіль
_bДжура
_c2003
650 7 _a82 Література. Літературознавство
_2UDC
999 _c328289
_d328289